000 00592nam a22001817a 4500
005 20251108165328.0
008 250721s1984 xx 000 0 ara d
082 1 4 _a956.66/احم
100 1 _aالعناني، أحمد
245 1 0 _aالمعالم الأساسيه لتاريخ الخليج العربي و بحوث أخرى /
264 1 _aالدوحه :
_bمؤسسة الشرق للعلاقات العامه،
_c1984.
300 _a318ص
490 0 _aبحوث خليجيه
650 1 7 _aالخليج العربي
650 1 7 _aالتاريخ
942 _2ddc
_cBK
999 _c25223
_d25223